[Event "Stuttgart-chA int"]
[Site "Ditzingen"]
[Date "2018.05.10"]
[Round "1"]
[White "Schroeter, Samuel"]
[Black "Cummings, Orlyn"]
[Result "1-0"]
[WhiteElo "2125"]
[BlackElo "1883"]
[PlyCount "109"]
[EventDate "2018.05.10"]
[EventType "swiss"]
[EventRounds "7"]
[EventCountry "GER"]
[SourceTitle "EXT 2020"]
[Source "ChessBase"]
[SourceDate "2019.10.17"]
[SourceVersion "1"]
[SourceVersionDate "2019.10.17"]
[SourceQuality "1"]

1. c4 f5 2. Nc3 Nf6 3. Nf3 g6 4. d3 d6 5. g3 Bg7 6. Bg2 0-0 7. Bg5 e5 8. Qd2 c6 9. 0-0-0 Nbd7 10. e4 Nc5 11. Nh4 Qc7 12. exf5 gxf5 13. Kb1 Rb8 14. Rhe1 a6 15. Bh3 Ng4 16. f3 h6 17. fxg4 hxg5 18. Nxf5 Bxf5 19. gxf5 Qd8 20. Ne4 b5 21. Qxg5 Nxe4 22. Qxd8 Nc3+ 23. bxc3 Rfxd8 24. Kc2 Kf7 25. Bg2 d5 26. h4 Bf6 27. Bf3 Rf8 28. Rg1 Rbd8 29. Bh5+ Ke7 30. Bg6 Kd6 31. Rh1 Rh8 32. Rd2 Rh6 33. Rdh2 Rdh8 34. a4 bxc4 35. dxc4 Kc5 36. cxd5 cxd5 37. Rb1 Kc6 38. Re2 Kc7 39. a5 Rd8 40. Rd2 Rd6 41. Bf7 d4 42. cxd4 exd4 43. Kd3 Rh7 44. Rc2+ Kd8 45. Be6 Ke8 46. Rc8+ Bd8 47. Ke4 Rc7 48. Rxc7 Bxc7 49. g4 d3 50. g5 d2 51. Bb3 Bxa5 52. f6 Rb6 53. Ba4+ Kf8 54. Rxb6 Bxb6 55. g6 1-0

[Event "Stuttgart-chA int"]
[Site "Ditzingen"]
[Date "2016.05.08"]
[Round "7"]
[White "Cummings, Orlyn"]
[Black "Kasueschke, Lars"]
[Result "1/2-1/2"]
[WhiteElo "1884"]
[BlackElo "2013"]
[PlyCount "80"]
[EventDate "2016.05.05"]
[EventType "swiss"]
[EventRounds "7"]
[EventCountry "GER"]
[SourceTitle "EXT 2018"]
[Source "ChessBase"]
[SourceDate "2017.10.13"]
[SourceVersion "1"]
[SourceVersionDate "2017.10.13"]
[SourceQuality "1"]

1. e4 c5 2. c4 Nc6 3. Ne2 Nf6 4. Nbc3 d6 5. d4 cxd4 6. Nxd4 g6 7. Be2 Bg7 8. Be3 0-0 9. 0-0 Nd7 10. Nc2 Nc5 11. f3 Ne5 12. Rb1 Bd7 13. Qd2 a6 14. Rfd1 Na4 15. Nxa4 Bxa4 16. b3 Bd7 17. h3 Qc7 18. Nb4 Be6 19. Nd5 Bxd5 20. exd5 b6 21. Bf1 Rab8 22. Rdc1 Qb7 23. Rc2 Rfc8 24. Rbc1 Nd7 25. b4 Nf6 26. Bg5 Qa7 27. Kh1 Nh5 28. g4 Ng3+ 29. Kg2 Nxf1 30. Kxf1 Qb7 31. Qe2 h6 32. Bf4 b5 33. cxb5 Rxc2 34. Rxc2 axb5 35. Qd3 Ra8 36. h4 Ra4 37. Bd2 Qa6 38. Be1 Ra3 39. Qe2 Bf6 40. Kg2 Qa4 1/2-1/2

[Event "Stuttgart-chA int"]
[Site "Ditzingen"]
[Date "2016.05.07"]
[Round "6"]
[White "Lehmann, Stefan1111"]
[Black "Cummings, Orlyn"]
[Result "1/2-1/2"]
[WhiteElo "1903"]
[BlackElo "1884"]
[PlyCount "52"]
[EventDate "2016.05.05"]
[EventType "swiss"]
[EventRounds "7"]
[EventCountry "GER"]
[SourceTitle "EXT 2018"]
[Source "ChessBase"]
[SourceDate "2017.10.13"]
[SourceVersion "1"]
[SourceVersionDate "2017.10.13"]
[SourceQuality "1"]

1. e4 c5 2. Nc3 a6 3. f4 b5 4. Nf3 Bb7 5. d4 cxd4 6. Qxd4 Nc6 7. Qe3 g6 8. Bd3 Bg7 9. e5 Nh6 10. 0-0 Nf5 11. Qf2 d6 12. Re1 0-0 13. Kh1 dxe5 14. fxe5 Nfd4 15. Bf4 Ne6 16. Bg3 Ncd4 17. Nxd4 Qxd4 18. Qf1 h5 19. Rad1 h4 20. Be4 Qb6 21. Bxb7 Qxb7 22. Bxh4 Rfd8 23. Bg3 b4 24. Ne2 Qc7 25. c3 Rxd1 26. Rxd1 Bxe5 1/2-1/2

[Event "Stuttgart-chA int"]
[Site "Ditzingen"]
[Date "2014.05.30"]
[Round "3"]
[White "Koch, Martin"]
[Black "Cummings, Orlyn"]
[Result "1/2-1/2"]
[WhiteElo "2066"]
[BlackElo "1873"]
[PlyCount "98"]
[EventDate "2014.05.29"]
[EventType "swiss"]
[EventRounds "7"]
[EventCountry "GER"]
[SourceTitle "EXT 2015"]
[Source "ChessBase"]
[SourceDate "2014.11.20"]
[SourceVersion "1"]
[SourceVersionDate "2014.11.20"]
[SourceQuality "1"]

1. e4 c5 2. d4 cxd4 3. c3 d3 4. Bxd3 d6 5. c4 g6 6. Nf3 Bg7 7. 0-0 Nc6 8. Nc3 Bxc3 9. bxc3 Qa5 10. Qc2 Nf6 11. h3 0-0 12. Be3 b6 13. Nd2 Ne5 14. Be2 Ba6 15. f4 Ned7 16. a4 Nc5 17. Rfb1 Bb7 18. Bf3 Rab8 19. Rb5 Qa6 20. Bxc5 dxc5 21. Rab1 Nd7 22. e5 Bxf3 23. Nxf3 e6 24. Ng5 Qb7 25. Rd1 f6 26. exf6 Rxf6 27. Rbb1 Qc6 28. g3 e5 29. Qd3 Rb7 30. Ne4 Re6 31. Ng5 Rf6 32. Ne4 Re6 33. Nd6 e4 34. Qd5 Qxd5 35. Rxd5 Rc7 36. Nb5 Rb7 37. Kf2 Nf6 38. Rd8+ Kg7 39. Ke3 h5 40. Rbd1 Ree7 41. Nd6 Rbc7 42. f5 g5 43. h4 g4 44. Re1 Re5 45. Kf4 Rce7 46. Nc8 e3 47. Nxe7 Re4+ 48. Kg5 Nh7+ 49. Kxh5 Nf6+ 1/2-1/2

[Event "Stuttgart-chA int"]
[Site "Ditzingen"]
[Date "2014.05.29"]
[Round "1"]
[White "Cummings, Orlyn"]
[Black "Tsolakidis, Paschal"]
[Result "1-0"]
[WhiteElo "1873"]
[BlackElo "2097"]
[PlyCount "70"]
[EventDate "2014.05.29"]
[EventType "swiss"]
[EventRounds "7"]
[EventCountry "GER"]
[SourceTitle "EXT 2015"]
[Source "ChessBase"]
[SourceDate "2014.11.20"]
[SourceVersion "1"]
[SourceVersionDate "2014.11.20"]
[SourceQuality "1"]

1. e4 d5 2. exd5 Qxd5 3. Nc3 Qa5 4. d4 c6 5. Nf3 Bf5 6. Ne5 e6 7. g4 Be4 8. f3 Bd5 9. Bd2 Qb6 10. Nxd5 cxd5 11. c3 Nc6 12. Nd3 Bd6 13. Qe2 Nge7 14. Bf4 Bxf4 15. Nxf4 0-0 16. 0-0-0 e5 17. dxe5 d4 18. c4 Qa5 19. Kb1 Rfd8 20. e6 f6 21. Qe4 a6 22. Bd3 g6 23. h4 Nb4 24. h5 Nxd3 25. Rxd3 Qc5 26. Rc1 Rab8 27. b4 Qe5 28. g5 Qxe4 29. fxe4 f5 30. Nd5 Nxd5 31. exd5 b5 32. Rxd4 bxc4 33. Rcxc4 a5 34. a3 axb4 35. axb4 Rb7 1-0

[Event "Stuttgart-chB int"]
[Site "Ditzingen"]
[Date "2009.05.21"]
[Round "3"]
[White "Sievers, Gerda"]
[Black "Cummings, Orlyn"]
[Result "0-1"]
[WhiteElo "1232"]
[BlackElo "1585"]
[PlyCount "122"]
[EventDate "2009.05.21"]
[EventType "swiss"]
[EventRounds "7"]
[EventCountry "GER"]
[SourceTitle "EXT 2018"]
[Source "ChessBase"]
[SourceDate "2017.10.13"]
[SourceVersion "1"]
[SourceVersionDate "2017.10.13"]
[SourceQuality "1"]

1. e4 d6 2. d4 Nf6 3. f3 g6 4. Nc3 Bg7 5. Be3 c6 6. Qd2 Nbd7 7. Bh6 0-0 8. Bxg7 Kxg7 9. g4 Qc7 10. h4 h5 11. g5 Ne8 12. f4 e5 13. f5 Nb6 14. f6+ Kg8 15. 0-0-0 a6 16. Nh3 Bg4 17. Re1 c5 18. d5 Nc8 19. Nf2 Bd7 20. Bh3 b5 21. Bxd7 Qxd7 22. Kd1 b4 23. Nb1 Qa4 24. Ke2 Qxa2 25. Kf3 Qxb2 26. Qc1 Qxc1 27. Rxc1 Nb6 28. c4 a5 29. Nd2 a4 30. Nd3 Nc7 31. Ra1 a3 32. Rhc1 a2 33. Ke2 Ra3 34. Rc2 Na4 35. Nb2 Nc3+ 36. Ke1 Rfa8 37. Kf1 R8a7 38. Ke1 Na8 39. Kf1 Nb6 40. Ke1 Kf8 41. Kf1 Ke8 42. Ke1 Kd7 43. Kf1 Nca4 44. Nxa4 R7xa4 45. Rb2 Ra6 46. Ke1 Kc7 47. Kd1 Na4 48. Rb3 Rxb3 49. Nxb3 Nc3+ 50. Kc2 Nxe4 51. Kb2 Ng3 52. Rxa2 Rxa2+ 53. Kxa2 Nf5 54. Na5 Nxh4 55. Nc6 Nf3 56. Ne7 Nxg5 57. Ng8 h4 58. Nh6 h3 59. Ng4 e4 60. Kb2 Nf3 61. Kc1 h2 0-1

[Event "Stuttgart-chB int"]
[Site "Gerlingen"]
[Date "2007.05.20"]
[Round "7"]
[White "Cummings, Orlyn"]
[Black "Loewe, Joachim"]
[Result "0-1"]
[WhiteElo "1443"]
[BlackElo "1709"]
[PlyCount "54"]
[EventDate "2007.05.17"]
[EventType "swiss"]
[EventRounds "7"]
[EventCountry "GER"]
[SourceTitle "EXT 2018"]
[Source "ChessBase"]
[SourceDate "2017.10.13"]
[SourceVersion "1"]
[SourceVersionDate "2017.10.13"]
[SourceQuality "1"]

1. e4 e6 2. d4 d5 3. exd5 exd5 4. Bd3 Nf6 5. Nf3 Bg4 6. 0-0 Be7 7. Bg5 Nbd7 8. Nbd2 0-0 9. c3 Re8 10. Re1 c6 11. Qc2 h6 12. Bh4 Qc7 13. Bf5 Bxf5 14. Qxf5 Bd6 15. Bg3 Bxg3 16. hxg3 Rxe1+ 17. Rxe1 Re8 18. Qc2 Rxe1+ 19. Nxe1 Qa5 20. Qb3 Qa6 21. Ndf3 Ng4 22. c4 Ndf6 23. cxd5 Qe2 24. dxc6 Qxf2+ 25. Kh1 Ne3 26. Nh4 Qxe1+ 27. Kh2 Nfg4+ 0-1

[Event "Stuttgart-chB int"]
[Site "Gerlingen"]
[Date "2007.05.18"]
[Round "4"]
[White "Cummings, Orlyn"]
[Black "Schaefer, Daniela"]
[Result "1/2-1/2"]
[WhiteElo "1443"]
[BlackElo "1718"]
[PlyCount "61"]
[EventDate "2007.05.17"]
[EventType "swiss"]
[EventRounds "7"]
[EventCountry "GER"]
[SourceTitle "EXT 2018"]
[Source "ChessBase"]
[SourceDate "2017.10.13"]
[SourceVersion "1"]
[SourceVersionDate "2017.10.13"]
[SourceQuality "1"]

1. e4 d6 2. d4 g6 3. Be3 Bg7 4. Nc3 Nf6 5. Qd2 Ng4 6. Bf4 0-0 7. f3 Nf6 8. g4 Nc6 9. Nge2 e5 10. Be3 Qe7 11. d5 Nb8 12. h4 Nbd7 13. h5 Rd8 14. hxg6 fxg6 15. Ng3 Nf8 16. Bh6 Bd7 17. Bxg7 Qxg7 18. g5 Ne8 19. 0-0-0 c6 20. f4 Qf7 21. fxe5 dxe5 22. dxc6 Bxc6 23. Qxd8 Rxd8 24. Rxd8 Qe7 25. Bc4+ Kh8 26. Rd2 Qxg5 27. Rf1 Nd7 28. Nce2 h5 29. Kd1 h4 30. Rh1 Kg7 31. Nf5+ 1/2-1/2

[Event "Stuttgart-chB int"]
[Site "Ditzingen"]
[Date "2005.05.08"]
[Round "7"]
[White "Tessmer, Hans Peter"]
[Black "Cummings, Orlyn"]
[Result "1/2-1/2"]
[WhiteElo "1321"]
[BlackElo "1121"]
[PlyCount "36"]
[EventDate "2005.05.05"]
[EventType "swiss"]
[EventRounds "7"]
[EventCountry "GER"]
[SourceTitle "EXT 2018"]
[Source "ChessBase"]
[SourceDate "2017.10.13"]
[SourceVersion "1"]
[SourceVersionDate "2017.10.13"]
[SourceQuality "1"]

1. d4 Nf6 2. c4 g6 3. g3 Bg7 4. Bg2 d6 5. Nf3 0-0 6. 0-0 Nbd7 7. Nc3 c5 8. d5 Rb8 9. e4 a6 10. a4 Qa5 11. Bd2 Qc7 12. Nh4 Ne5 13. b3 Bg4 14. Nf3 Nxf3+ 15. Bxf3 Bxf3 16. Qxf3 Qd7 17. Rac1 Qg4 18. Qxg4 Nxg4 1/2-1/2

[Event "Stuttgart-chB int"]
[Site "Ditzingen"]
[Date "2005.05.07"]
[Round "5"]
[White "Steil, Raymond"]
[Black "Cummings, Orlyn"]
[Result "1-0"]
[WhiteElo "1599"]
[BlackElo "1121"]
[PlyCount "123"]
[EventDate "2005.05.05"]
[EventType "swiss"]
[EventRounds "7"]
[EventCountry "GER"]
[SourceTitle "EXT 2018"]
[Source "ChessBase"]
[SourceDate "2017.10.13"]
[SourceVersion "1"]
[SourceVersionDate "2017.10.13"]
[SourceQuality "1"]

1. d4 Nf6 2. c4 g6 3. Nc3 Bg7 4. e4 d6 5. f3 0-0 6. Be3 Nbd7 7. Qd2 c5 8. d5 Rb8 9. Nh3 Ne5 10. Nf2 Ned7 11. Be2 Nb6 12. Bh6 e6 13. Bxg7 Kxg7 14. 0-0 Re8 15. Rfe1 exd5 16. exd5 Bf5 17. Bd3 Bxd3 18. Qxd3 Qc7 19. b3 Re7 20. Qd2 Rbe8 21. Nd3 Nbd7 22. Rxe7 Rxe7 23. Re1 Rxe1+ 24. Qxe1 Qd8 25. Kf2 Qe8 26. Nb5 Qxe1+ 27. Kxe1 Ne8 28. Nxa7 h5 29. Nb5 g5 30. Nc3 g4 31. Kf2 f5 32. fxg4 hxg4 33. Ke3 Kf6 34. g3 Ne5 35. Nxe5 Kxe5 36. a3 Nc7 37. b4 cxb4 38. axb4 b6 39. b5 Na8 40. Ne2 Nc7 41. Nd4 Ne8 42. Nc6+ Kf6 43. Kf4 Ng7 44. Na7 Nh5+ 45. Ke3 Ke7 46. Nc8+ Kd7 47. Nxb6+ Kc7 48. Na4 Kb7 49. Nc3 Kb6 50. Ne2 Kc5 51. Nf4 Nf6 52. Kd3 Ne4 53. Ne6+ Kb6 54. Kd4 Kb7 55. c5 dxc5+ 56. Nxc5+ Nxc5 57. Kxc5 Kc7 58. b6+ Kc8 59. Kc6 f4 60. gxf4 Kb8 61. b7 g3 62. hxg3 1-0

[Event "Stuttgart-chB int"]
[Site "Ditzingen"]
[Date "2005.05.06"]
[Round "4"]
[White "Cummings, Orlyn"]
[Black "Lang, Jochen"]
[Result "1-0"]
[WhiteElo "1121"]
[BlackElo "1394"]
[PlyCount "53"]
[EventDate "2005.05.05"]
[EventType "swiss"]
[EventRounds "7"]
[EventCountry "GER"]
[SourceTitle "EXT 2018"]
[Source "ChessBase"]
[SourceDate "2017.10.13"]
[SourceVersion "1"]
[SourceVersionDate "2017.10.13"]
[SourceQuality "1"]

1. e4 d6 2. d4 Nf6 3. Nc3 g6 4. Bg5 Bg7 5. Qd2 0-0 6. f3 Nbd7 7. 0-0-0 c5 8. d5 Ne8 9. h4 f6 10. Bh6 f5 11. Qg5 Rf6 12. Bxg7 Nxg7 13. Qe3 a6 14. Nge2 b5 15. g4 Ne5 16. gxf5 gxf5 17. Rg1 Rg6 18. Bh3 fxe4 19. Bxc8 Qxc8 20. Qxe4 Qf5 21. Rxg6 Qxe4 22. Rxg7+ Kxg7 23. fxe4 Rf8 24. Rg1+ Kh6 25. Ng3 Rf7 26. Nf5+ Kh5 27. Rg5# 1-0